000 00194 a2200097 4500
001 58217
100 _a
245 _aAir crashes
260 _aNY
_bMacmillan Press
_c1986
090 _c35717
_d35717
942 _aNUST-CAE
_c
_c28577
999 _c293290
_d293290